Suomen kunnat, joiden nimessä on toisen kunnan nimi - Statistics

Yleistilastot
  • Tätä visaa on pelattu 213 kertaa
    181 viimeisimmän päivityksen jälkeen
  • Keskiarvotulos 19 / 40
Vastaustilastot
Vastaus % Oikein
Kemi
84%
Kemijärvi
81%
Ii
79%
Keminmaa
77%
Kemiönsaari
74%
Iisalmi
72%
Eura
70%
Eurajoki
69%
Lahti
66%
Pori
65%
Raasepori
65%
Iitti
52%
Siikajoki
48%
Vesilahti
48%
Ylitornio
48%
Tornio
47%
Virolahti
47%
Siilinjärvi
45%
Viitasaari
44%
Maalahti
43%
Salo
43%
Siikalatva
43%
Karvia
42%
Merikarvia
42%
Siikainen
41%
Tervo
41%
Tervola
41%
Lapinlahti
40%
Taivassalo
38%
Riihimäki
36%
Kuhmo
34%
Kuhmoinen
34%
Ruokolahti
34%
Hamina
33%
Loviisa
33%
Maarianhamina
33%
Luoto
31%
Hailuoto
30%
Kontiolahti
30%
Kristiinankaupunki
29%
Ehtoja vastaavia visoja ei löytynyt
Tulosjakauma
Jokaisen tuloksen saaneiden osuus
Persentiili vastausten määrän mukaan
Tuloshistoriasi
Et ole pelannut tätä visaa sen viimeisimmän päivityksen jälkeen